000 00976nam a2200253 i 4500
001 bg
245 0 _aProjektowanie konstrukcyjno-budowlane :
_bporadnik inwestora, projektanta, wykonawcy.
_nCz. 1,
_pZasady wykonywania rysunków konstrukcyjno-budowlanych, obliczenia statyczne, konstrukcje murowe, betonowe, żelbetowe i sprężone, grunty budowlane, posadowienia budowli, polskie normy.
260 _aGdańsk :
_bWydaw. Kanon,
_c1998.
300 _a456 s. :
_brys., wykr. ;
_c21 cm.
490 1 _aArchitektura-Budownictwo ;
_v2.1
650 9 _aKonstrukcje budowlane
_xprojektowanie
650 9 _aKonstrukcje budowlane
_xzagadnienia
650 9 _aKonstrukcje budowlane
_xnormalizacja
650 9 _aPolskie normy
700 1 _aGOŁUCH, ADAM.
_eOprac.
830 _aArchitektura-Budownictwo ;
020 _a839045162X
040 _cBPK
041 _apol
080 _a624.01/.07
920 _a83-904516-2-X
942 _cKA
008 s pl f |000 0 pol
999 _c24221
_d24221
856 _uhttp://koha.tu.koszalin.pl/cgi-bin/koha/opac-detail.pl?biblionumber=24221
_yKatalog online BPK